000
00318nam a2200157Ia 4500
100
_a
Module H4
650
_a
Electrical Engineering
942
_c
BK
654
_a
Milling I
245
_a
Milling I
260
_b
E.I.T.B
_a
England
_c
1981
082
_a
621
_b
ITB
300
_a
147
546
_a
ENGLISH
999
_c
24332
_d
24332